00947 2200313 4500001002100000005001500021035002000036007000300056008004100059020002200100082001400122084001600136100002800152245006500180250003000245300004500275650002500320264004900345336002100394337003000415338002300445040002200468090002200490850001200512999002200524504003300546700003200579990002200611INLIS00000000088216420230926021008 a0010-0923000756ta230926s2023 yoia g | ind d a978-623-6579-44-204223a336.2 a336.2 EKO b0 aEko NoviantoePengarang10aBoikot pajak??? /cEko Novianto; penyunting, Yuyun Wijayanti aCetakan Pertama, Mei 2023 ax, 126 halaman :btabel, gambar ;c20 cm 4aPajak dan perpajakan31aYogyakarta :bGaza Library Publishing,c2023 2rdacontentateks 2rdamediaatanpa perantara 2rdacarrieravolume aYOPDYOGbinderda aCB-D.11 2023-2120 aYOPDYOG aCB-D.11/2023-2120 aBibliografi: halaman 119-1200 aYuyun WijayantiePenyunting aCB-D.11/2023-2120